Taylor Swift - I'm Only Me When I'm With You - Statistics

General Stats
  • This quiz has been taken 10 times
  • The average score is 247 of 305
Answer Stats
Answer % Correct
a
100%
and
100%
And
100%
I
100%
I'm
100%
me
100%
me,
100%
on
100%
only
100%
Only
100%
the
100%
The
100%
to
100%
when
100%
When
100%
with
100%
With
100%
You
100%
you
100%
you,
100%
be
88%
do
88%
down
88%
if
88%
know
88%
other
88%
try
88%
what
88%
who
88%
your
88%
you're
88%
boy
75%
by
75%
crazy
75%
don't
75%
Don't
75%
drive
75%
feel
75%
Friday
75%
ground
75%
half
75%
In
75%
in
75%
is
75%
it
75%
It's
75%
Just
75%
Let
75%
like
75%
matter
75%
night
75%
no
75%
not
75%
side
75%
still
75%
that
75%
That
75%
time
75%
true
75%
Tryin'
75%
trying
75%
up
75%
wanna
75%
we
75%
yeah
75%
about
63%
are
63%
beneath
63%
can
63%
can't
63%
crickets
63%
Everything
63%
everything
63%
fly
63%
girl
63%
here
63%
listen
63%
live
63%
my
63%
need
63%
pictures
63%
right
63%
say
63%
sing
63%
sky
63%
small
63%
so
63%
stars
63%
town
63%
without
63%
anybody
50%
behind
50%
else
50%
fears
50%
field
50%
hard
50%
hide
50%
isn't
50%
Living
50%
myself
50%
oh
50%
painting
50%
sometimes
50%
tears
50%
thing
50%
world
50%
yard
50%
deepest
38%
figure
38%
or
38%
out
38%
secrets,
38%
tell
38%
Well,
38%
gets
25%
nobody
25%
all
13%
Through
13%
No matching quizzes found
Score Distribution
Percent of People with Each Score
Percentile by Number Answered
Your Score History
You have not taken this quiz